000 00310nam a22001457a 4500
008 221219b ||||| |||| 00| 0 eng d
020 _a9780198542681
041 _aeng
080 _a616.073
082 _a616.073LEW
100 _a12
101 _aGENETIC
245 _aGENES IV
_cLEWIN B
942 _2udc
_cBK
999 _c59207
_d59207